000
00313nam a2200133Ia 4500
005
20251222144837.0
008
251222s9999||||xx |||||||||||||| ||spa||
082
_a
046/O86
100
_a
Otero, Salvador Tito
245
0
_a
Santa Rosa de Lima:
250
_a
1ra.ed.
264
_b
Cologio Inmaculada
942
_c
LIB
999
_c
21075
_d
21075